| 000 | 00573 a2200217 4500 | ||
|---|---|---|---|
| 005 | 20260406125617.0 | ||
| 008 | 260406b |||||||| |||| 00| 0 eng d | ||
| 020 |
_a9789353066499 _cRs. 880.00 |
||
| 040 | _aMAIN | ||
| 082 |
_a388.04 _bB277E(6) |
||
| 100 | _aBarringer, Bruce R | ||
| 245 | _aEntrepreneurship: Successfully launching new ventures | ||
| 250 | _a6th | ||
| 260 |
_bPearson India _aNoida _c2026 |
||
| 300 | _a617 | ||
| 650 | _aEntrepreneurship | ||
| 650 | _aManagement | ||
| 650 | _aExecutive Management | ||
| 700 | _aIreland, R Duane | ||
| 942 | _cBK | ||
| 999 |
_c396940 _d396940 |
||